000 00302nam a2200121Ia 4500
008 190216s9999||||xx |||||||||||||| ||und||
100 _aSan D C & Kapoor V K
245 0 _aStatistics Theory Methods And Application
260 _bS Chand & Co
300 _a1720p
650 _aCommerce
942 _cBK
999 _c37170
_d37170